Celebrating March 8
| Titel: | Celebrating March 8 : a failed attempt at de-Sovietization? / Dace Bula |
|---|---|
| Verfasser: | |
| In: |
Journal of Baltic studies, Band 52, Heft 1 (2021), Seite 43-59 alle Artikel anzeigen |
| Veröffentlicht: | 2021 |
| Format: | Aufsatz |
| Sprache: | Englisch |
X
alg: 47831034
001A $03025:20-04-21
001B $01999:10-05-21 $t09:07:50.000
001D $03025:20-04-21
001U $0utf8
001X $00
002@ $0Oou
002C $aText $btxt $2rdacontent
002D $aComputermedien $bc $2rdamedia
002E $aOnline-Ressource $bcr $2rdacarrier
003@ $047831034X
004P $010.1080/01629778.2020.1851276
007A $047831034X $aHEB
009Q $uhttps://doi.org/10.1080/01629778.2020.1851276 $xH
010@ $aeng
010E $erda
011@ $a2021
021A $aCelebrating March 8 $da failed attempt at de-Sovietization? $hDace Bula
028A $BVerfasser $4aut $7 $8Bula, Dace [Tnd] $9198183127
031A $d52 $e1 $g17 $h43-59 $j2021
039B $aEnthalten in $8--Obvc--. Journal of Baltic studies. - London {[u.a.] : Routledge, part of the Taylor & Francis Group, 1972-. - Online-Ressource. - ISSN 1751-7877 $x202100000520001957 $9181873397
044K $#Baltische Staaten $#Baltikum $#Baltische Staaten $#Baltische Provinzen $#Russische Ostseeprovinzen $#Baltische Republiken $#Russland, Ostseeprovinzen $74004379-4 $8Baltikum [Tg1] $9085003506
044K $#postkommunistische Gesellschaft $#Postsozialismus $74998161-4 $8Postkommunismus [Ts1] $9134568192
044K $74027395-7 $8Internationaler Frauentag [Ts1] $9085069906
044K $74547810-7 $8Geschlechtergeschichte [Ts1] $9089466187
044K $#Émancipation $#Emanzipation $#Soziale Emanzipation $74130667-3 $8Emanzipation [Ts1] $9085462918
044K $RTag $RSonntag $#Holidays $#Jours fériés $#Feiertag $#Festtag $74153848-1 $8Feiertag [Ts1] $9085647438
044K $RBild $RGesellschaftliches Bewusstsein $#Gesellschaftsbild $74157063-7 $8Gesellschaftsbild [Ts1] $9085673684
045F $a305.3094790905 $eDDC23BSB
045F/01 $a305.309
045F/03 $f0905
045F/03 $g479
045R $aSozialgeschichte 2000-2020
045T $a7,41
lok: 47831034 78
exp: 47831034 78 1 #EPN
201B/01 $020-04-21 $t12:29:01.000
201C/01 $020-04-21
201U/01 $0utf8
203@/01 $01149997125
208@/01 $a20-04-21 $be
209A/01 $a/ $f000 $x00
209A/01 $ab*p $x01
220C/01 $akoe
247C/01 $82080>Marburg/Lahn, Herder-Institut, Forschungsbibliothek, Bibliographieportal $9336309341
| LEADER | 00000caa a2200000 c 4500 | ||
|---|---|---|---|
| 001 | 47831034X | ||
| 003 | DE-603 | ||
| 005 | 20210510090750.0 | ||
| 007 | cr|||||||||||| | ||
| 008 | 210420s2021 xx |||| o| u00||u|eng c | ||
| 024 | 7 | |a 10.1080/01629778.2020.1851276 |2 doi | |
| 035 | |a (DE-599)HEB47831034X | ||
| 040 | |a DE-603 |b ger |c DE-603 |d DE-603 |e rda | ||
| 041 | |a eng | ||
| 082 | 0 | 4 | |8 1\u |a 305.3094790905 |q DE-101 |2 23/BSB |
| 084 | |a 7,41 |2 ssgn | ||
| 085 | |8 1\u |b 305.309 | ||
| 085 | |8 1\u |z 1 |s 0905 | ||
| 085 | |8 1\u |z 2 |s 479 | ||
| 100 | 1 | |a Bula, Dace |e Verfasser |4 aut |0 (DE-603)198183127 | |
| 245 | 0 | 0 | |a Celebrating March 8 |b a failed attempt at de-Sovietization? |c Dace Bula |
| 264 | 0 | |c 2021 | |
| 336 | |a Text |b txt |2 rdacontent | ||
| 337 | |a Computermedien |b c |2 rdamedia | ||
| 338 | |a Online-Ressource |b cr |2 rdacarrier | ||
| 648 | 7 | |a Sozialgeschichte 2000-2020 |2 gnd | |
| 650 | 7 | |a Postkommunismus |0 (DE-588)4998161-4 |0 (DE-603)134568192 |2 gnd | |
| 650 | 7 | |a Internationaler Frauentag |0 (DE-588)4027395-7 |0 (DE-603)085069906 |2 gnd | |
| 650 | 7 | |a Geschlechtergeschichte |0 (DE-588)4547810-7 |0 (DE-603)089466187 |2 gnd | |
| 650 | 7 | |a Emanzipation |0 (DE-588)4130667-3 |0 (DE-603)085462918 |2 gnd | |
| 650 | 7 | |a Feiertag |0 (DE-588)4153848-1 |0 (DE-603)085647438 |2 gnd | |
| 650 | 7 | |a Gesellschaftsbild |0 (DE-588)4157063-7 |0 (DE-603)085673684 |2 gnd | |
| 651 | 7 | |a Baltikum |0 (DE-588)4004379-4 |0 (DE-603)085003506 |2 gnd | |
| 773 | 0 | 8 | |i Enthalten in |t Journal of Baltic studies |d London [u.a.] : Routledge, part of the Taylor & Francis Group, 1972- |h Online-Ressource |x 1751-7877 |g Band 52, Heft 1 (2021), Seite 43-59 |w (DE-603)181873397 |w (DE-600)2254161-5 |
| 856 | |u https://doi.org/10.1080/01629778.2020.1851276 |x Verlag | ||
| 924 | 1 | |9 2080 |a (DE-603)1149997125 |b DE-2080 |c HES |d d |g / | |


